书目信息 |
| 题名: |
水肥一体化实用技术
|
|
| 作者: | 徐坚 , 高春娟 主编 | |
| 分册: | ||
| 出版信息: | 北京 中国农业出版社 2014 |
|
| 页数: | 198页 | |
| 开本: | 21cm | |
| 丛书名: | 生态循环农业实用技术系列丛书 | |
| 单 册: | ||
| 中图分类: | S365 | |
| 科图分类: | ||
| 主题词: | 肥水管理 | |
| 电子资源: | ||
| ISBN: | 978-7-109-19966-8 | |
| 000 | 00986oam2 2200277 450 | |
| 001 | 012015000083 | |
| 005 | 20151130093723.95 | |
| 010 | @a978-7-109-19966-8@dCNY20.00 | |
| 100 | @a20150601d2014 em y0chiy50 ea | |
| 101 | 0 | @achi |
| 102 | @aCN@b110000 | |
| 105 | @aa z 000yy | |
| 106 | @ar | |
| 200 | 1 | @a水肥一体化实用技术@Ashui fei yi ti hua shi yong ji shu@f徐坚,高春娟主编 |
| 210 | @a北京@c中国农业出版社@d2014 | |
| 215 | @a198页@c图@d21cm | |
| 225 | 2 | @a生态循环农业实用技术系列丛书@i节约集约农业实用技术系列丛书@f单胜道等总主编 |
| 330 | @a本书主要介绍了水肥一体化的实用性技术,包含水肥一体化的开发利用,水肥一体化的技术特点以及注意事项等水肥一体化的技术特点以及注意事项等。 | |
| 410 | 0 | @12001 @a生态循环农业实用技术系列丛书 |
| 411 | 0 | @12001 @a节约集约农业实用技术系列丛书 |
| 606 | 0 | @a肥水管理 |
| 690 | @aS365@v5 | |
| 701 | 0 | @a徐坚@Axu jian@4主编 |
| 701 | 0 | @a高春娟@Agao chun juan@4主编 |
| 801 | 0 | @aCN@b碧洲教育@c20151127 |
| 905 | @a10447@f4@dS365@e48 | |
| 水肥一体化实用技术/徐坚,高春娟主编.-北京:中国农业出版社,2014 |
| 198页:图;21cm.-(生态循环农业实用技术系列丛书.节约集约农业实用技术系列丛书/单胜道等总主编) |
| ISBN 978-7-109-19966-8:CNY20.00 |
| 本书主要介绍了水肥一体化的实用性技术,包含水肥一体化的开发利用,水肥一体化的技术特点以及注意事项等水肥一体化的技术特点以及注意事项等。 |
| ● |
| 相关链接 |
|
|
|
|
正题名:水肥一体化实用技术
索取号:S365/48
 
预约/预借
| 序号 | 登录号 | 条形码 | 馆藏地/架位号 | 状态 | 备注 |
| 1 | 0871814 | 208718146 | 第二样本阅览室/ [索取号:S365/48] | 在馆 | |
| 2 | 0871815 | 208718155 | 第三借阅区/ [索取号:S365/48] | 在馆 | |
| 3 | 0871816 | 208718164 | 第三借阅区/ [索取号:S365/48] | 在馆 | |
| 4 | 0871817 | 208718173 | 密集书库-生命科学系/ [索取号:S365/48] | 在馆 |